Women and substance use /

Bibliographic Details
Main Author: Ettorre, E. M.
Format: Book
Language:English
Published: New Brunswick, N.J. : Rutgers University Press, 1992.
Subjects:

MARC

Tag First Indicator Second Indicator Subfields
LEADER 00000cam a2200000 a 4500
001 in00001125613
005 20150930072100.0
008 920205s1992 nju b s001 0 eng
010 |a  92007113  
020 |a 0813518636 
020 |a 0813518644 (pbk.) 
035 |a (OCoLC)25546054 
035 |9 AFW3233AM 
040 |a DLC  |c DLC  |d MMU  |d TXA  |d UtOrBLW 
049 |a TXAM 
050 0 0 |a RC564.5.W65  |b E77 1992 
082 0 0 |a 362.29/082  |2 20 
096 |a WM 270 .E85w 1992 
100 1 |a Ettorre, E. M. 
245 1 0 |a Women and substance use /  |c Elizabeth Ettorre. 
264 1 |a New Brunswick, N.J. :  |b Rutgers University Press,  |c 1992. 
300 |a x, 204 pages ;  |c 23 cm. 
336 |a text  |b txt  |2 rdacontent 
337 |a unmediated  |b n  |2 rdamedia 
338 |a volume  |b nc  |2 rdacarrier 
504 |a Includes bibliographical references (pages 160-187) and index. 
650 0 |a Women  |x Substance use. 
650 0 |a Feminist theory. 
650 2 |a Substance-Related Disorders. 
650 2 |a Women  |x psychology. 
999 |a MARS 
999 f f |s 0f8afeb6-fe45-3652-bd38-66b15e243326  |i 03fcc066-7798-3765-80ab-9148c3069eff  |t 0 
952 f f |p ric  |a Texas A&M University  |b Rellis Campus  |c Joint Library Facility  |d Remote Storage  |t 0  |e RC564.5.W65 E77 1992  |h Library of Congress classification  |i unmediated -- volume  |m A14817117302 
998 f f |a RC564.5.W65 E77 1992  |t 0  |l Remote Storage